Alle Städte Baden-Württembergs - Statistiken

Allgemein
  • Dieses Quiz wurde 564 mal gespielt
  • Das Durchschnittsergebnis liegt bei 108 aus 314
Antwortstatistiken
Einwohnerzahl Stadt Landkreis % Korrekt
635.911 Stuttgart kreisfreie Stadt
98%
312.060 Karlsruhe kreisfreie Stadt
96%
231.195 Freiburg im Breisgau kreisfreie Stadt
95%
126.592 Heilbronn kreisfreie Stadt
94%
310.658 Mannheim kreisfreie Stadt
94%
115.865 Reutlingen Reutlingen
94%
91.506 Tübingen Tübingen
94%
50.161 Böblingen Böblingen
93%
161.485 Heidelberg kreisfreie Stadt
93%
84.911 Konstanz Konstanz
93%
93.584 Ludwigsburg Ludwigsburg
93%
94.145 Esslingen am Neckar Esslingen
92%
126.790 Ulm kreisfreie Stadt
92%
57.813 Göppingen Göppingen
91%
49.573 Heidenheim an der Brenz Heidenheim
90%
125.957 Pforzheim kreisfreie Stadt
90%
49.291 Lörrach Lörrach
89%
49.918 Rastatt Rastatt
89%
50.897 Ravensburg Ravensburg
88%
36.102 Tuttlingen Tuttlingen
87%
55.185 Baden-Baden kreisfreie Stadt
86%
85.707 Villingen-Schwenningen Schwarzwald-Baar-Kreis
86%
23.578 Calw Calw
84%
61.283 Friedrichshafen Bodenseekreis
84%
33.265 Biberach an der Riß Biberach
83%
25.182 Rottweil Rottweil
82%
40.538 Schwäbisch Hall Schwäbisch Hall
82%
27.977 Emmendingen Emmendingen
80%
23.635 Freudenstadt Freudenstadt
78%
59.967 Offenburg Ortenaukreis
78%
68.393 Aalen Ostalbkreis
77%
61.137 Schwäbisch Gmünd Ostalbkreis
76%
17.125 Sigmaringen Sigmaringen
76%
64.905 Sindelfingen Böblingen
76%
24.202 Waldshut-Tiengen Waldshut
76%
35.399 Sinsheim Rhein-Neckar-Kreis
71%
47.643 Singen (Hohentwiel) Konstanz
70%
44.776 Bruchsal Karlsruhe
66%
55.604 Waiblingen Rems-Murr-Kreis
66%
34.332 Balingen Zollernalbkreis
64%
43.227 Bietigheim-Bissingen Ludwigsburg
64%
34.536 Crailsheim Schwäbisch Hall
64%
36.664 Kehl Ortenaukreis
64%
40.783 Kirchheim unter Teck Esslingen
63%
48.848 Leonberg Böblingen
62%
41.223 Nürtingen Esslingen
61%
46.083 Filderstadt Esslingen
60%
26.528 Neckarsulm Heilbronn
60%
47.201 Lahr/Schwarzwald Ortenaukreis
59%
45.465 Albstadt Zollernalbkreis
58%
22.118 Donaueschingen Schwarzwald-Baar-Kreis
58%
13.172 Tauberbischofsheim Main-Tauber-Kreis
58%
45.425 Weinheim Rhein-Neckar-Kreis
58%
37.348 Backnang Rems-Murr-Kreis
57%
29.547 Vaihingen an der Enz Ludwigsburg
57%
12.197 Titisee-Neustadt Breisgau-Hochschwarzwald
56%
39.373 Ettlingen Karlsruhe
55%
45.669 Fellbach Rems-Murr-Kreis
55%
25.082 Horb am Neckar Freudenstadt
54%
31.738 Herrenberg Böblingen
52%
33.825 Kornwestheim Ludwigsburg
52%
31.496 Radolfzell am Bodensee Konstanz
52%
43.843 Rottenburg am Neckar Ludwigsburg
52%
39.775 Schorndorf Rems-Murr-Kreis
52%
22.475 Überlingen Bodenseekreis
52%
28.240 Winnenden Rems-Murr-Kreis
52%
40.165 Leinfelden-Echterdingen Esslingen
50%
23.883 Bad Mergentheim Main-Tauber-Kreis
49%
29.566 Bretten Karlsruhe
49%
26.293 Ehingen (Donau) Alb-Donau-Kreis
49%
22.069 Metzingen Reutlingen
48%
23.497 Mosbach Neckar-Odenwald-Kreis
48%
26.917 Wangen im Allgäu Ravensburg
48%
30.150 Weil am Rhein Lörrach
48%
22.540 Nagold Calw
46%
39.312 Ostfildern Esslingen
46%
22.832 Wertheim Main-Tauber-Kreis
46%
6.044 Meersburg Bodenseekreis
45%
28.864 Bühl (Baden) Rastatt
44%
25.155 Weingarten (Württemberg) Ravensburg
44%
21.700 Hockenheim Rhein-Neckar-Kreis
43%
14.551 Plochingen Esslingen
43%
15.420 Walldorf Rhein-Neckar-Kreis
43%
26.799 Wiesloch Rhein-Neckar-Kreis
43%
25.642 Achern Ortenaukreis
42%
12.530 Bad Urach Reutlingen
42%
24.549 Ellwangen (Jagst) Ostalbkreis
42%
29.884 Gaggenau Rastatt
42%
14.191 Isny im Allgäu Ravensburg
42%
24.663 Öhringen Hohenlohekreis
42%
19.220 Weil der Stadt Böblingen
42%
24.870 Ditzingen Ludwigsburg
41%
26.539 Remseck am Neckar Ludwigsburg
41%
19.259 Hechingen Zollernalbkreis
40%
21.644 Schwetzingen Rhein-Neckar-Kreis
40%
21.784 Eppingen Heilbronn
39%
26.130 Mühlacker Enzkreis
39%
21.557 Bad Rappenau Heilbronn
38%
19.760 Giengen an der Brenz Heidenheim
38%
33.083 Rheinfelden (Baden) Lörrach
38%
27.082 Weinstadt Rems-Murr-Kreis
38%
27.044 Leimen (Baden) Rhein-Neckar-Kreis
37%
12.394 Sulz am Neckar Rottweil
37%
12.422 Blaubeuren Alb-Donau-Kreis
36%
28.328 Geislingen an der Steige Göppingen
36%
22.939 Leutkirch im Allgäu Ravensburg
36%
15.924 Marbach am Neckar Ludwigsburg
36%
17.458 Bad Saulgau Sigmaringen
35%
10.202 Bad Wildbad Calw
35%
15.450 Künzelsau Hohenlohekreis
35%
19.437 Tettnang Bodenseekreis
35%
20.149 Bad Waldsee Ravensburg
34%
19.817 Gerlingen Ludwigsburg
34%
20.455 Mössingen Tübingen
34%
21.850 Waldkirch Emmendingen
34%
16.227 Wendlingen am Neckar Esslingen
34%
21.124 Eislingen/Fils Göppingen
33%
11.831 Lauffen am Neckar Heilbronn
33%
14.392 Münsingen (Württemberg) Reutlingen
33%
13.446 Pfullendorf Sigmaringen
33%
18.657 Pfullingen Reutlingen
33%
10.580 Riedlingen Biberach
33%
4.727 Triberg im Schwarzwald Schwarzwald-Baar-Kreis
33%
8.000 Bad Herrenalb Calw
32%
20.377 Bad Krozingen Breisgau-Hochschwarzwald
32%
15.488 Breisach am Rhein Breisgau-Hochschwarzwald
32%
22.429 Laupheim Biberach
32%
14.077 Oberndorf am Neckar Rottweil
32%
21.148 Schramberg Rottweil
32%
13.063 Spaichingen Tuttlingen
32%
16.856 Trossingen Tuttlingen
32%
7.225 Bad Wimpfen Heilbronn
31%
17.772 Buchen (Odenwald) Neckar-Odenwald-Kreis
31%
8.984 Furtwangen im Schwarzwald Schwarzwald-Baar-Kreis
31%
19.349 Bad Friedrichshall Heilbronn
30%
19.718 Korntal-Münchingen Ludwigsburg
30%
13.344 Neckargemünd Rhein-Neckar-Kreis
30%
17.183 Stockach Konstanz
30%
12.303 Wernau (Neckar) Esslingen
30%
10.130 Aulendorf Ravensburg
29%
8.808 Bad Schussenried Biberach
29%
12.206 Burladingen Zollernalbkreis
29%
10.738 Engen Konstanz
29%
14.031 Murrhardt Rems-Murr-Kreis
29%
24.788 Stutensee Karlsruhe
29%
20.950 Waghäusel Karlsruhe
29%
13.292 Bad Dürrheim Schwarzwald-Baar-Kreis
28%
17.508 Bad Säckingen Waldshut
28%
20.036 Oberkirch (Baden) Ortenaukreis
28%
20.206 Rheinstetten Karlsruhe
28%
12.945 St. Georgen im Schwarzwald Schwarzwald-Baar-Kreis
28%
10.159 Süßen Göppingen
28%
4.849 Todtnau Lörrach
28%
15.924 Freiberg am Neckar Ludwigsburg
27%
11.025 Gengenbach Ortenaukreis
27%
7.164 Haslach im Kinzigtal Ortenaukreis
27%
14.493 Lauda-Königshofen Main-Tauber-Kreis
27%
6.296 Alpirsbach Freudenstadt
26%
9.582 Bad Liebenzell Calw
26%
12.711 Besigheim Ludwigsburg
26%
5.775 Hausach Ortenaukreis
26%
13.247 Holzgerlingen Böblingen
26%
7.617 Löffingen Breisgau-Hochschwarzwald
26%
19.573 Schopfheim Lörrach
26%
11.611 Walldürn Neckar-Odenwaldkreis
26%
13.502 Asperg Ludwigsburg
25%
10.063 Blumberg Schwarzwald-Baar-Kreis
25%
14.428 Eberbach Rhein-Neckar-Kreis
25%
10.735 Haigerloch Zollernalbkreis
25%
19.077 Müllheim (Baden) Breisgau-Hochschwarzwald
25%
8.362 Neuenbürg Enzkreis
25%
12.273 Neuenburg am Rhein Breisgau-Hochschwarzwald
25%
18.487 Renningen Böblingen
25%
3.847 Schiltach Rottweil
25%
12.285 Weinsberg Heilbronn
25%
6.939 Bonndorf im Schwarzwald Waldshut
24%
6.039 Dornhan Rottweil
24%
8.040 Dornstetten Freudenstadt
24%
7.921 Hüfingen Schwarzwald-Baar-Kreis
24%
14.799 Markgröningen Ludwigsburg
24%
8.426 Meßkirch Sigmaringen
24%
6.555 Osterburken Neckar-Odenwald-Kreis
24%
11.170 Welzheim Rems-Murr-Kreis
24%
3.147 Bad Teinach-Zavelstein Calw
23%
14.607 Bad Wurzach Ravensburg
23%
16.296 Blaustein Alb-Donau-Kreis
23%
5.834 Bräunlingen Schwarzwald-Baar-Kreis
23%
14.681 Kraichtal Karlsruhe
23%
10.964 Lorch (Württemberg) Ostalbkreis
23%
6.616 Maulbronn Enzkreis
23%
8.144 Möckmühl Heilbronn
23%
10.912 Rutesheim Böblingen
23%
10.326 Weilheim an der Teck Esslingen
23%
2.295 Aach (Hegau) Konstanz
22%
6.286 Geisingen Tuttlingen
22%
10.340 Kenzingen Emmendingen
22%
11.661 Ladenburg Rhein-Neckar-Kreis
22%
14.170 Markdorf Bodenseekreis
22%
8.187 Staufen im Breisgau Breisgau-Hochschwarzwald
22%
10.834 Altensteig Calw
21%
11.126 Herbolzheim Emmendingen
21%
4.274 Hornberg Ortenaukreis
21%
9.933 Mengen Sigmaringen
21%
7.890 Oberkochen Ostalbkreis
21%
13.627 Philippsburg Karlsruhe
21%
18.961 Sachsenheim Ludwigsburg
21%
14.416 Uhingen Göppingen
21%
16.147 Brackenheim Heilbronn
20%
15.562 Ebersbach an der Fils Göppingen
20%
7.274 Elzach Emmendingen
20%
6.318 Gammertingen Sigmaringen
20%
12.917 Östringen Karlsruhe
20%
3.984 St. Blasien Waldshut
20%
6.354 Trochtelfingen Reutlingen
20%
8.742 Waldenbuch Böblingen
20%
5.785 Wolfach Ortenaukreis
20%
4.681 Creglingen Main-Tauber-Kreis
19%
5.130 Heimsheim Enzkreis
19%
6.682 Ilshofen Schwäbisch Hall
19%
11.798 Laichingen Alb-Donau-Kreis
19%
15.343 Langenau Alb-Donau-Kreis
19%
11.725 Leingarten Heilbronn
19%
6.811 Schelklingen Alb-Donau-Kreis
19%
13.684 Erbach (Donau) Alb-Donau-Kreis
18%
13.369 Ettenheim Ortenaukreis
18%
14.157 Gernsbach Rastatt
18%
8.495 Großbottwar Ludwigsburg
18%
13.025 Herbrechtingen Heidenheim
18%
7.381 Renchen Ortenaukreis
18%
4.687 Schömberg (Zollernalbkreis) Zollernalbkreis
18%
11.441 Schwaigern Heilbronn
18%
12.139 Steinheim an der Murr Ludwigsburg
18%
9.893 Aichtal Esslingen
17%
4.336 Bad Buchau Biberach
17%
6.241 Beilstein (Württemberg) Heilbronn
17%
6.700 Boxberg (Baden) Main-Tauber-Kreis
17%
15.268 Eppelheim Rhein-Neckar-Kreis
17%
12.058 Gaildorf Schwäbisch Hall
17%
10.671 Meßstetten Zollernalbkreis
17%
3.615 Mühlheim an der Donau Tuttlingen
17%
3.407 Owen Esslingen
17%
10.068 Endingen am Kaiserstuhl Emmendingen
16%
3.141 Fridingen an der Donau Tuttlingen
16%
8.273 Kandern Lörrach
16%
4.417 Kirchberg an der Jagst Schwäbisch Hall
16%
4.722 Oppenau Ortenaukreis
16%
8.756 Rauenberg Rhein-Neckar-Kreis
16%
14.948 Schriesheim Rhein-Neckar-Kreis
16%
4.657 Tengen Konstanz
16%
3.090 Waldenburg (Württemberg) Hohenlohekreis
16%
10.627 Donzdorf Göppingen
15%
6.354 Heitersheim Breisgau-Hochschwarzwald
15%
9.066 Laufenburg (Baden) Waldshut
15%
5.384 Munderkingen Alb-Donau-Kreis
15%
7.940 Neresheim Ostalbkreis
15%
10.141 Neuenstadt am Kocher Heilbronn
15%
3.858 Vöhrenbach Schwarzwald-Baar-Kreis
15%
10.212 Wildberg (Schwarzwald) Calw
15%
11.701 Bopfingen Ostalbkreis
14%
4.272 Gerabronn Schwäbisch Hall
14%
3.373 Löwenstein Heilbronn
14%
5.646 Neubulach Calw
14%
11.273 Rheinau (Baden) Ortenaukreis
14%
2.046 Wiesensteig Göppingen
14%
8.981 Ochsenhausen Biberach
13%
2.415 Schönau im Schwarzwald Lörrach
13%
13.135 Wehr (Baden) Waldshut
13%
7.358 Weikersheim Main-Tauber-Kreis
13%
8.141 Bönnigheim Ludwigsburg
12%
7.424 Gundelsheim (Württemberg) Heilbronn
12%
5.848 Haiterbach Calw
12%
6.260 Neuffen Esslingen
12%
3.297 Oberriexingen Ludwigsburg
12%
6.290 Zell im Wiesental Lörrach
12%
5.063 Adelsheim Neckar-Odenwald-Kreis
11%
5.903 Geislingen (Zollernalbkreis) Zollernalbkreis
11%
8.090 Knittlingen Enzkreis
11%
4.037 Neckarbischofsheim Rhein-Neckar-Kreis
11%
6.607 Neuenstein (Hohenlohe) Hohenlohekreis
11%
6.332 Rosenfeld Zollernalbkreis
11%
5.819 Schrozberg Schwäbisch Hall
11%
5.372 Stühlingen Waldshut
11%
1.776 Widdern Heilbronn
11%
8.130 Zell am Harmersbach Ortenaukreis
11%
5.062 Forchtenberg Hohenlohekreis
10%
3.727 Freudenberg (Baden) Main-Tauber-Kreis
10%
2.211 Hayingen Reutlingen
10%
11.788 Hemsbach Rhein-Neckar-Kreis
10%
9.856 Heubach Ostalbkreis
10%
5.666 Waibstadt Rhein-Neckar-Kreis
10%
6.396 Güglingen Heilbronn
9%
5.267 Külsheim Main-Tauber-Kreis
9%
8.359 Kuppenheim Rastatt
9%
1.872 Langenburg Schwäbisch Hall
9%
5.104 Mahlberg Ortenaukreis
9%
3.601 Grünsfeld Main-Tauber-Kreis
8%
1.776 Hettingen Sigmaringen
8%
5.491 Ingelfingen Hohenlohekreis
8%
5.305 Neudenau Heilbronn
8%
4.774 Niederstetten Main-Tauber-Kreis
8%
2.905 Ravenstein Neckar-Odenwald-Kreis
8%
2.817 Sulzburg Breisgau-Hochschwarzwald
8%
4.477 Vellberg Schwäbisch Hall
8%
2.123 Veringenstadt Sigmaringen
8%
6.097 Vogtsburg im Kaiserstuhl Breisgau-Hochschwarzwald
8%
4.662 Krautheim (Jagst) Hohenlohekreis
7%
4.717 Niederstotzingen Heidenheim
7%
4.698 Lauchheim Ostalbkreis
6%
5.013 Lichtenau (Baden) Rastatt
6%
2.498 Scheer Sigmaringen
6%
4.404 Schönau (Odenwald) Rhein-Neckar-Kreis
6%
6.764 Dietenheim Alb-Donau-Kreis
5%
2.559 Lauterstein Göppingen
4%
4.091 Niedernhall Hohenlohekreis
4%
Keine übereinstimmenden Quizze gefunden
Verteilung der Resultate
Anzahl Personen mit jedem Resultat
Perzentil nach korrekt beantworteten Fragen
Ihre Resultats-Entwicklung
Sie haben dieses Quiz noch nicht gespielt